000 00671nam a2200229 u 4500
001 61635
005 20180714063337.0
008 141105s2009 sp r 000 0 spa d
020 _a84-330-1963-5
082 0 _a211.3
_bEST
100 1 _aEstrada Juan A.
_eautor
245 1 3 _aLa pregunta por Dios :
_bentre la metafísica, el nihilismo y la religión.
264 1 _aEspaña :
_bDesclée de Brouwer,
_c2005
300 _a427 páginas : ;
_c24 cm.
336 _atexto
_2rdacontent
337 _asin mediación
_2rdamedia
338 _avolume
_2rdacarrier
650 0 _aTeismo
650 _aMetafísica
650 0 _aReligión
650 0 _aTeología
999 _c61635
_d61635